00400nam a22001097a 4500008004100000040005500041080002200096245007700118260007100195650001600266653000800282230511b |||||||| |||| 00| 0 eng d aNational Science LibrarycNational Science Library a912:631.4(6) bK4 aSoils map of Africa c/ Commission for technology C-Operation in Africa  aAfrica: bCommission for technology C-Operation in Africa , c1964 aGeography.  aMap